Seinfeld Episodes - Statistics

General Stats
  • This quiz has been taken 3,266 times
  • The average score is 72 of 180
Answer Stats
No. Episode % Correct
63 The Pilot (Part 1)
81%
64 The Pilot (Part 2)
81%
93 The Soup
74%
16 The Chinese Restaurant
69%
179 The Finale (Part 1)
67%
180 The Finale (Part 2)
67%
51 The Contest
64%
23 The Parking Garage
61%
116 The Soup Nazi
61%
47 The Bubble Boy
60%
20 The Pen
58%
41 The Trip (Part 1)
58%
42 The Trip (Part 2)
58%
85 The Hamptons
56%
14 The Deal
55%
66 The Puffy Shirt
55%
176 The Puerto Rican Day
54%
1 The Seinfeld Chronicles
54%
21 The Dog
53%
10 The Apartment
52%
40 The Keys
52%
86 The Opposite
52%
52 The Airport
51%
34 The Boyfriend (Part 1)
51%
35 The Boyfriend (Part 2)
51%
78 The Marine Biologist
51%
54 The Movie
51%
4 Male Unbonding
50%
8 The Jacket
50%
156 The Summer of George
49%
111 The Engagement
48%
65 The Mango
48%
7 The Pony Remark
48%
121 The Rye
48%
2 The Stake Out
48%
124 The Cadillac (Part 1)
47%
125 The Cadillac (Part 2)
47%
96 The Race
47%
137 The Bizarro Jerry
46%
84 The Fire
46%
134 The Invitations
46%
60 The Junior Mint
46%
49 The Opera
46%
30 The Subway
46%
50 The Virgin
46%
45 The Wallet
46%
69 The Bris
45%
48 The Cheever Letters
45%
67 The Glasses
45%
36 The Limo
45%
43 The Pitch
45%
17 The Busboy
44%
177 The Chronicle (Part 1)
44%
178 The Chronicle (Part 2)
44%
107 The Fusilli Jerry
44%
22 The Library
44%
145 The Little Jerry
44%
39 The Parking Space
44%
29 The Red Dot
44%
3 The Robbery
44%
5 The Stock Tip
44%
46 The Watch
44%
88 The Big Salad
43%
157 The Butter Shave
43%
31 The Pez Dispenser
43%
174 The Frogger
42%
62 The Handicap Spot
42%
138 The Little Kicks
42%
131 The Bottle Deposit (Part 1)
41%
132 The Bottle Deposit (Part 2)
41%
24 The Café
41%
90 The Chinese Woman
41%
74 The Cigar Store Indian
41%
91 The Couch
41%
77 The Dinner Party
41%
135 The Foundation
41%
105 The Jimmy
41%
162 The Merv Griffin Show
41%
53 The Pick
41%
12 The Revenge
41%
61 The Smelly Car
41%
11 The Statue
41%
142 The Chicken Roaster
40%
71 The Non-Fat Yogurt
40%
57 The Outing
40%
82 The Raincoats (Part 1)
40%
83 The Raincoats (Part 2)
40%
56 The Shoes
40%
167 The Dealership
39%
13 The Heart Attack
39%
18 The Note
39%
166 The Strike
39%
79 The Pie
38%
112 The Postponement
38%
159 The Serenity Now
38%
6 The Ex-Girlfriend
37%
109 The Face Painter
37%
38 The Letter
37%
175 The Maid
37%
158 The Voice
37%
81 The Wife
37%
113 The Maestro
36%
119 The Sponge
36%
55 The Visa
36%
153 The Yada Yada
36%
15 The Baby Shower
35%
127 The Doll
35%
94 The Mom & Pop Store
35%
155 The Muffin Tops
35%
26 The Nose Job
35%
9 The Phone Message
35%
118 The Pool Guy
35%
68 The Sniffing Accountant
35%
32 The Suicide
35%
25 The Tape
35%
44 The Ticket
35%
144 The Andrea Doria
34%
164 The Betrayal
34%
87 The Chaperone
34%
104 The Doorman
34%
120 The Gum
34%
73 The Masseuse
34%
58 The Old Man
34%
27 The Stranded
34%
149 The Susie
34%
97 The Switch
34%
28 The Alternate Side
33%
160 The Blood
33%
173 The Bookstore
33%
130 The Calzone
33%
141 The Checks
33%
75 The Conversion
33%
92 The Gymnast
33%
59 The Implant
33%
70 The Lip Reader
33%
163 The Slicer
33%
19 The Truth
33%
110 The Understudy
33%
72 The Barber
32%
151 The English Patient
32%
128 The Friars Club
32%
103 The Kiss Hello
32%
76 The Stall
32%
148 The Van Buren Boys
32%
108 The Diplomat's Club
31%
140 The Fatigues
31%
115 The Hot Tub
31%
154 The Millennium
31%
168 The Reverse Peephole
31%
123 The Seven
31%
102 The Beard
30%
100 The Highlights of 100 (Part 1)
30%
101 The Highlights of 100 (Part 2)
30%
99 The Scofflaw
30%
106 The Doodle
29%
98 The Label Maker
29%
152 The Nap
29%
89 The Pledge Drive
29%
126 The Shower Head
29%
80 The Stand-In
29%
171 The Wizard
29%
165 The Apology
28%
172 The Burning
28%
33 The Fix-Up
28%
37 The Good Samaritan
28%
129 The Wig Master
28%
122 The Caddy
27%
169 The Cartoon
27%
146 The Money
27%
95 The Secretary
27%
170 The Strongbox
27%
114 The Wink
27%
143 The Abstinence
26%
147 The Comeback
26%
161 The Junk Mail
26%
150 The Pothole
26%
133 The Wait Out
26%
117 The Secret Code
25%
139 The Package
24%
136 The Soul Mate
23%
No matching quizzes found
Score Distribution
Percent of People with Each Score
Percentile by Number Answered
Your Score History
You have not taken this quiz